000 00375nam a2200145Ia 4500
008 230711s9999||||xx |||||||||||||| ||und||
041 _aENG
082 _a624
_bGE-S
100 _aGelhar,LW
245 0 _aStochastic subsurface hydrology
250 _a1st Ed.
260 _c1995
_aNew Delhi
_bPrentice-Hall of India Private Limited
650 _aCivil Engineering
942 _cBK
999 _c3513
_d3513